000
00343nam a2200145Ia 4500
008
240830s1901 xx 000 0 und d
041
_a
eng
082
_a
0 MUN
100
_a
MUNRO J./EDWARDS C.
245
_a
MOCLEOD S CLINICAL EXAMINATON
260
_b
N.D.
_c
1901
650
_a
VIKRUTI-VIGAYAN
906
_a
N.D.
999
_c
1192046
_d
1192046